000 00255nam a22001217a 4500
005 20180718120640.0
008 171025b xxu||||| |||| 00| 0 eng d
041 _aeng
082 _a658.15
245 _aFINACIAL MANAGEMENT
300 _a344p.
942 _cBK
999 _c5625
_d5623